[Event "Match"]
[Site "www.echecsemail.com"]
[Date "2015.01.29"]
[Round "1"]
[White "Cardiff"]
[Black "Capitaine"]
[WhiteElo "2120"]
[BlackElo "2330"]
[Result "0-1"]
[Round "1"]
1.e4 c5
2.b3 Nb8c6
3.Bc1b2 d6
4.Bf1b5 Bc8d7
5.Ng1f3 a6
6.Bb5xc6 Bd7xc6
7.d3 Ng8f6
8.O-O e6
9.Rf1e1 Bf8e7
10.Nb1d2 O-O
11.Qd1e2 b5
12.a3 Nf6d7
13.h3 Be7f6
14.Bb2xf6 Nd7xf6
15.Qe2e3 Ra8c8
16.Qe3f4 e5
17.Qf4e3 Nf6h5
18.g3 Rc8c7
19.Qe3g5 Nh5f6
20.Qg5e3 Qd8c8
21.Kg2 Bc6d7
22.Re1h1 Bd7e6
23.Nf3g5 Be6d7
24.Ra1f1 h6
25.Ng5f3 Bd7e6
26.c4 Nf6h5
27.Qe3e2 g6
28.Rf1c1 Qc8d7
29.Rc1b1 Kh7
30.Qe2e3 f5
31.exf5 gxf5
32.Rb1c1 Rf8g8
33.Kh2 f4
34.g4 fxe3
{ resign }
0-1

[Event "Match"]
[Site "www.echecsemail.com"]
[Date "2015.01.29"]
[Round "1"]
[White "Noobasaurus"]
[Black "Jaalston"]
[WhiteElo "1279"]
[BlackElo "1719"]
[Result "1-0"]
[Round "1"]
1.e4 Nb8c6
2.Ng1f3 e5
3.Bf1c4 Bf8c5
4.Nb1c3 Ng8f6
5.h3 O-O
6.a3 b6
7.d3 Bc8b7
8.Qd1e2 Rf8e8
9.Bc1e3 Bc5xe3
10.Qe2xe3 Nc6a5
11.O-O-O d5
12.exd5 e4
13.Nf3g5 exd3
14.Qe3xd3 c6
15.dxc6 Na5xc4
16.cxb7 Ra8b8
17.Qd3xc4 Rb8xb7
18.Rd1xd8 Re8xd8
19.Rh1d1 Rd8f8
20.Nc3e4 h6
21.Ne4xf6 gxf6
22.h4 fxg5
23.hxg5 b5
24.Qc4e4 hxg5
25.Rd1h1 Rf8b8
26.Qe4e5 f6
27.Qe5xf6 Rb7b6
28.Qf6xg5 Kf7
29.Rh1h7 Ke6
30.Rh7h6 Kd7
31.Qg5g7 Kc8
32.Rh6h8 
1-0

[Event "Match"]
[Site "www.echecsemail.com"]
[Date "2015.01.29"]
[Round "1"]
[White "Roqueur"]
[Black "Apdash"]
[WhiteElo "2600"]
[BlackElo "2160"]
[Result "1-0"]
[Round "1"]
1.e4 c5
2.Ng1f3 e6
3.d4 cxd4
4.Nf3xd4 Nb8c6
5.Nb1c3 d5
6.Bf1b5 Bc8d7
7.exd5 Nc6xd4
8.Bb5xd7 Qd8xd7
9.Qd1xd4 Ng8f6
10.Bc1g5 Bf8e7
11.O-O-O  { time }
1-0

[Event "Match"]
[Site "www.echecsemail.com"]
[Date "2015.01.29"]
[Round "1"]
[White "Hrob71"]
[Black "Harrytheking"]
[WhiteElo "1499"]
[BlackElo "1760"]
[Result "1-0"]
[Round "1"]
1.e4 b6
2.d4 Bc8a6
3.c4 e6
4.Nb1c3 c6
5.Ng1f3 d6
6.Bf1d3 h6
7.Bc1e3 Ng8e7
8.O-O Ne7g6
9.Qd1c2 Bf8e7
10.e5 d5
11.Bd3xg6 Ba6xc4
12.Bg6d3 Bc4xd3
13.Qc2xd3 O-O
14.Qd3d2 g5
15.h3 a5
16.Nf3h2 f6
17.Nh2g4 Kg7
18.f4 Nb8d7
19.fxg5 hxg5
20.exf6 Nd7xf6
21.Be3xg5 Kg8
22.Bg5xf6 Be7xf6
23.Ng4xf6 Rf8xf6
24.Qd2g5 Kf7
25.Rf1xf6 Ke7
26.Qg5g7 Kd6
27.Ra1e1 Qd8xf6
28.Qg7xf6 { resign }
1-0

[Event "Match"]
[Site "www.echecsemail.com"]
[Date "2015.01.29"]
[Round "1"]
[White "Rindrandria"]
[Black "Ranjachess"]
[WhiteElo "1530"]
[BlackElo "1560"]
[Result "0-1"]
[Round "1"]
1.e4 e5
2.a4 d5
3.Qd1h5 Qd8d6
4.exd5 Qd6xd5
5.b3 Nb8c6
6.Bf1c4 g6
7.Qh5e2 Nc6d4
8.Bc4xd5 Nd4xe2
9.Ng1xe2 c6
10.Bd5f3 Bc8f5
11.Bc1b2 f6
12.d3 Bf8c5
13.Nb1d2 O-O-O
14.g4 Bf5e6
15.Nd2e4 Be6d5
16.Ne4xc5 Bd5xf3
17.Ne2g3 Bf3xh1
18.Ng3xh1 f5
19.Bb2xe5 Rd8e8
20.f4 Ng8h6
21.g5 Nh6g4
22.d4 h6
23.O-O-O Ng4xe5
24.dxe5 hxg5
25.fxg5 Re8xe5
26.Nc5d3 Re5d5
27.c4 Rd5d4
28.Nd3e5 Rd4xd1
29.Kxd1 Rh8xh2
30.Nh1g3 Rh2g2
31.Ne5xg6 Rg2xg3
32.Ng6e7 Kd8
33.Ne7xf5 Rg3xg5
34.Nf5d4 Rg5g3
35.Kc2 Kc7
36.Kb2 a6
37.Ka3 Rg3g4
38.Nd4e6 Kb6
39.c5 Ka7
40.a5 Rg4e4
41.Ne6g5 Re4e5
42.Ng5f3 Re5xc5
43.Ka4 b6
44.b4 b5
{ resign }
0-1

[Event "Match"]
[Site "www.echecsemail.com"]
[Date "2015.01.29"]
[Round "1"]
[White "Reanna"]
[Black "Percyval"]
[WhiteElo "1700"]
[BlackElo "1499"]
[Result "1-0"]
[Round "1"]
1.c4 Ng8f6
2.g3 c6
3.Bf1g2 d5
4.b3 e5
5.Ng1h3 Bf8c5
6.O-O Bc8e6
7.Nh3g5 Be6f5
8.Nb1c3 d4
9.Nc3a4 Bc5b4
10.Na4c5 Bb4xc5
11.d3 Nb8d7
12.e3 Nd7b6
13.e4 Bf5d7
14.Bg2h3 Bd7xh3
15.Ng5xh3 Qd8d7
16.Bc1g5 Qd7xh3
17.Qd1f3 Nf6g4
18.Qf3g2 Qh3xg2
19.Kxg2 h6
20.Bg5d2  { time }
1-0

[Event "1/32 Finale"]
[Site "www.chess-mail.com"]
[Date "2015.01.29"]
[Round "1"]
[White "Echo314"]
[Black "Chessmith19"]
[WhiteElo "2660"]
[BlackElo "2630"]
[Result "1-0"]
[Round "1"]
1.d4 Ng8f6
2.c4 Nb8c6
3.Ng1f3 e6
4.Nb1c3 Bf8b4
5.Qd1c2 d6
6.Bc1d2 e5
7.d5 Nc6b8
8.Qc2a4 { resign }
1-0

[Event "Tourn. n7966"]
[Site "www.chess-mail.com"]
[Date "2015.01.30"]
[Round "1"]
[White "Gandalf"]
[Black "Passaroa25"]
[WhiteElo "1580"]
[BlackElo "1520"]
[Result "0-1"]
[Round "1"]
1.e4 c6
2.Nb1c3 e6
3.d4 d6
4.Ng1f3 h6
5.Bf1e2 Nb8d7
6.O-O Nd7b6
7.Bc1e3 Ng8e7
8.a4 f6
9.a5 Nb6d7
10.Qd1d2 g5
11.d5 e5
12.h3 a6
13.dxc6 Ne7xc6
14.Rf1d1 { time. }
0-1

[Event "Tourn. n8017"]
[Site "www.chess-mail.com"]
[Date "2015.01.30"]
[Round "1"]
[White "Chessmith19"]
[Black "Faerieking"]
[WhiteElo "2630"]
[BlackElo "2260"]
[Result "1-0"]
[Round "1"]
1.e4 e5
2.Ng1f3 f5
3.Nf3xe5 Nb8c6
4.Qd1h5 g6
5.Ne5xg6 Ng8f6
6.Qh5h4 Rh8g8
7.Ng6xf8 Rg8g4
8.Qh4h6 Rg4xe4
9.Bf1e2 Qd8e7
10.Nb1c3 Re4xe2
11.Nc3xe2 Nc6d4
12.O-O Nd4xe2
13.Kh1 d6
14.d4 Ne2xc1
15.Nf8xh7 Nf6xh7
16.Ra1xc1 Qe7f7
17.Rc1e1 Kd8
18.Re1e3 Bc8d7
19.Rf1e1 Nh7f6
20.Re3g3 Nf6g4
21.Rg3xg4 fxg4
22.Qh6h4 { resign }
1-0

[Event "Tourn. n7892"]
[Site "www.chess-mail.com"]
[Date "2015.01.30"]
[Round "1"]
[White "Jjmcbride"]
[Black "Georgepapi"]
[WhiteElo "1730"]
[BlackElo "1740"]
[Result "0-1"]
[Round "1"]
1.e4 e5
2.d3 Ng8f6
3.Ng1f3 Nb8c6
4.c3 d5
5.exd5 Nf6xd5
6.c4 Nd5f6
7.a3 Bc8g4
8.b4 Nc6d4
9.Nb1d2 c5
10.Bf1e2 Nd4xe2
11.Qd1xe2 Bf8d6
12.b5 O-O
13.O-O Rf8e8
14.h3 Bg4h5
15.Nd2e4 Nf6xe4
16.dxe4 Qd8f6
17.g4 Bh5g6
18.Rf1d1 h6
19.g5 hxg5
20.Nf3xg5 Ra8d8
21.Bc1e3 b6
22.a4 Bd6c7
23.Be3d2 Rd8d4
24.a5 Re8d8
25.Bd2e3 Rd4xd1
26.Ra1xd1 Rd8xd1
27.Qe2xd1 Qf6e7
28.Qd1d5 Bc7d8
29.axb6 axb6
30.Kg2 Kf8
31.f4 f6
32.Ng5e6 Ke8
33.h4 Bg6xe4
34.Qd5xe4 Qe7xe6
35.f5 Qe6d6
36.Qe4c2 Kf7
37.Kh3 Qd6d7
38.h5 Kg8
39.h6 g6
40.Qc2f2 gxf5
41.Kh4 Kh7
42.Qf2g1 f4
43.Be3xc5 bxc5
44.Qg1xc5 Kxh6
45.Qc5f8 Qd7g7
46.Qf8xg7 Kxg7
47.c5 Kf7
{ resign }
0-1

[Event "Tourn. n8040"]
[Site "www.chess-mail.com"]
[Date "2015.01.30"]
[Round "1"]
[White "Krasin"]
[Black "Aperturaf"]
[WhiteElo "2270"]
[BlackElo "2250"]
[Result "0-1"]
[Round "1"]
1.e4 e6
2.d4 d5
3.e5 c5
4.c3 Nb8c6
5.Ng1f3 Qd8b6
6.Bf1d3 cxd4
7.cxd4 Bc8d7
8.O-O Nc6xd4
9.Nf3g5 Ng8h6
10.Nb1c3 Bf8e7
11.Bc1e3 Be7xg5
12.Be3xg5 Nh6f5
13.Nc3e2 Qb6xb2
14.Ne2xd4 Qb2xd4
15.Bd3xf5 Qd4xd1
16.Rf1xd1 exf5
17.Rd1xd5 Bd7e6
18.Rd5d6 O-O
19.Ra1d1 Be6xa2
{ resign }
0-1

[Event "Tourn. n7998"]
[Site "www.chess-mail.com"]
[Date "2015.01.30"]
[Round "1"]
[White "Drdoom"]
[Black "Falcoale"]
[WhiteElo "1740"]
[BlackElo "1880"]
[Result "1-0"]
[Round "1"]
1.e4 c5
2.c4 Nb8c6
3.Ng1f3 e6
4.Nb1c3 b6
5.a3 Bc8b7
6.d4 cxd4
7.Nf3xd4 Ng8f6
8.Bc1g5 h6
9.Bg5xf6 Qd8xf6
10.Nd4f3 Bf8e7
11.Bf1e2 O-O
12.O-O Rf8d8
13.Qd1c2 Nc6d4
14.Qc2d3 Nd4xe2
15.Qd3xe2 d5
16.cxd5 exd5
17.exd5 Bb7xd5
18.Ra1b1 Bd5xf3
19.Qe2xf3 Qf6xf3
20.gxf3 Be7f6
21.Nc3e4 Bf6e5
22.b4 Rd8d3
23.a4 Rd3xf3
24.Ne4g3 Ra8c8
25.Rb1e1 Be5f6
26.Ng3e4 Bf6h4
27.Re1e2 Rc8c4
28.Ne4d2 Rc4g4
29.Kh1 Rf3f6
30.f3 Rg4xb4
31.Nd2e4 Rf6e6
32.Rf1g1 Rb4xa4
33.Rg1g4 Bh4f6
34.Ne4xf6 Re6xf6
35.Rg4xa4 a5
36.Kg2 Rf6d6
37.Re2b2 f6
38.Ra4a3 Kf7
39.Ra3b3 g5
40.Rb3xb6 { resign }
1-0

[Event "Tourn. n8017"]
[Site "www.chess-mail.com"]
[Date "2015.01.30"]
[Round "1"]
[White "Pgcbies"]
[Black "Faerieking"]
[WhiteElo "2840"]
[BlackElo "2250"]
[Result "1-0"]
[Round "1"]
1.e4 e5
2.Ng1f3 f5
3.Nf3xe5 Nb8c6
4.Qd1h5 g6
5.Ne5xg6 Ng8f6
6.Qh5h3 fxe4
7.Ng6xh8 d5
8.Qh3e3 d4
9.Qe3b3 Qd8e7
10.Bf1c4 Nc6e5
11.O-O Bf8g7
12.Nh8f7 Ne5xf7
13.d3 exd3
14.Bc1f4 Nf6h5
15.Qb3b5 { resign }
1-0

[Event "Match"]
[Site "www.echecsemail.com"]
[Date "2015.01.30"]
[Round "1"]
[White "Xkafi"]
[Black "Nestor"]
[WhiteElo "1980"]
[BlackElo "2070"]
[Result "0-1"]
[Round "1"]
1.e4 Ng8f6
2.e5 Nf6d5
3.Bf1c4 e6
4.Qd1f3 c6
5.Qf3g3 d6
6.d4 dxe5
7.Qg3xe5 Qd8f6
8.Ng1f3 Bf8e7
9.Qe5g3 O-O
10.Bc1g5 Qf6g6
11.Bc4xd5 exd5
12.Bg5xe7 Qg6e4
13.Kd2 Qe4xe7
14.Rh1e1 Qe7b4
15.Nb1c3 Bc8f5
16.Re1e5 Bf5e4
17.b3 Be4xf3
18.Qg3xf3 Qb4xd4
19.Qf3d3 Qd4xe5
20.g3 Nb8d7
21.Ra1e1 Qe5f6
22.f4 Rf8e8
23.Re1f1 Re8e7
24.g4 Ra8e8
25.Rf1f3 Nd7c5
26.Qd3f1 Nc5e4
27.Nc3xe4 Re7xe4
28.g5 Qf6b2
29.f5 Re4e2
30.Kd3 Qb2xc2
{ resign }
0-1

[Event "Match"]
[Site "www.echecsemail.com"]
[Date "2015.01.30"]
[Round "1"]
[White "Generalfree"]
[Black "Chapi"]
[WhiteElo "1770"]
[BlackElo "1990"]
[Result "1/2-1/2"]
[Round "1"]
1.e4 c5
2.Bf1c4 Nb8c6
3.Qd1h5 e6
4.d3 Ng8f6
5.Qh5d1 d5
6.exd5 exd5
7.Bc4b5 Bc8d7
8.Bc1g5 Bf8e7
{ draw }
1/2-1/2

[Event "Match"]
[Site "www.echecsemail.com"]
[Date "2015.01.30"]
[Round "1"]
[White "Gambitmiau"]
[Black "Generalfree"]
[WhiteElo "1750"]
[BlackElo "1720"]
[Result "1-0"]
[Round "1"]
1.e4 e5
2.d4 exd4
3.c3 dxc3
4.Bf1c4 Ng8f6
5.e5 Qd8e7
6.Ng1f3 Nb8c6
7.O-O Nf6e4
8.Rf1e1 Ne4c5
9.Bc4b5 a6
10.Bb5xc6 dxc6
11.Bc1g5 Qe7d7
12.Qd1e2 h6
13.Re1d1 Qd7g4
14.h3 Qg4xg5
15.Nf3xg5 hxg5
16.Nb1xc3 Bf8e7
17.g4 Rh8xh3
18.f3 Bc8e6
19.Kg2 Rh3h6
20.Rd1h1 O-O-O
21.b4 Nc5d3
22.Kg3 Be7xb4
23.Nc3e4 Nd3xe5
24.Ne4xg5 Bb4c3
25.Rh1xh6 gxh6
26.Ng5xe6 Bc3xa1
27.Ne6xd8 Kxd8
28.Qe2d1 Ne5d7
29.Qd1xa1 f6
30.Qa1e1 b6
31.Qe1e6 c5
32.Qe6g8 Ke7
33.Qg8g7 Ke6
34.Qg7xh6 c4
35.Qh6e3 Kd5
36.Qe3c3 a5
37.f4 Nd7c5
38.Kh4 Nc5e4
39.Qc3b2 c3
40.Qb2c2 Kd4
41.g5 fxg5
42.fxg5 b5
43.g6 a4
44.g7 Ne4f6
45.Qc2f2 Ke5
46.Kg5 Nf6g8
47.Kg6 Ng8e7
48.Kf7 Kd6
49.Qf2d4 { resign }
1-0

[Event "Match"]
[Site "www.echecsemail.com"]
[Date "2015.01.30"]
[Round "1"]
[White "Menace"]
[Black "Markos123"]
[WhiteElo "2180"]
[BlackElo "1790"]
[Result "1-0"]
[Round "1"]
1.e4 e6
2.d4 d5
3.exd5 exd5
4.Nb1c3 Ng8f6
5.Bc1g5 Bf8e7
6.Ng1f3 a6
7.Qd1e2 O-O
8.Qe2d3 Nf6h5
9.h4 f6
10.Bg5e3 Bc8g4
11.Bf1e2 Be7b4
12.O-O-O Bb4xc3
13.Qd3xc3 Qd8d6
14.Be2d3 Nb8c6
15.Qc3b3 b5
16.Bd3e4 Kh8
17.Be4xd5 Ra8b8
18.Bd5xc6 Qd6xc6
19.d5 Qc6b7
20.Rd1d4 h6
21.Rd4xg4 c6
22.dxc6 Qb7xc6
23.Rg4d4 a5
24.Rh1d1 a4
25.Qb3b4 Rb8c8
26.c3 f5
27.Nf3e5 Qc6c7
28.Ne5g6 Kh7
29.Ng6xf8 Kh8
30.Nf8e6 Qc7f7
31.Rd4d8 Rc8xd8
32.Rd1xd8 Kh7
33.Ne6f4 Nh5f6
34.Qb4xb5 Qf7xa2
35.Qb5xf5 { resign }
1-0

[Event "Eq:CONFOEDERATIONIS HELVETICAE-Slap Shot Mates : "]
[Site "www.chess-mail.com"]
[Date "2015.01.30"]
[Round "1"]
[White "Conde7"]
[Black "Edijs"]
[WhiteElo "2780"]
[BlackElo "2750"]
[Result "1-0"]
[Round "1"]
1.e4 c5
2.Ng1f3 e6
3.d4 cxd4
4.Nf3xd4 a6
5.Nb1c3 Qd8c7
6.Bf1d3 Ng8f6
7.O-O Bf8e7
8.Bc1e3 O-O
9.f4 d6
10.g4 Nb8c6
11.g5 Nf6d7
12.Qd1h5 g6
13.Qh5h4 Rf8e8
14.Rf1f3 h5
15.Ra1f1 Nc6xd4
16.Be3xd4 b5
17.f5 Nd7e5
18.Rf3h3 Ne5xd3
19.cxd3 Re8f8
20.Nc3e2 Qc7d8
21.Bd4e3 exf5
22.exf5 f6
23.gxf6 Be7xf6
24.Qh4e4 Qd8e7
25.Qe4d5 Qe7f7
26.Qd5xa8 Bc8xf5
27.Qa8g2 Bf5xh3
28.Qg2xh3 Qf7xa2
29.Qh3g3 Rf8f7
30.Qg3xd6 Bf6xb2
31.Rf1xf7 Qa2xf7
32.Qd6xa6 Qf7e8
33.Qa6a2 Kh7
34.Qa2a7 Kh8
35.Ne2g3 Qe8e6
36.Ng3e4 Qe6g4
37.Kf2 Qg4c8
38.Ke1 Bb2c3
39.Be3d2  { time }
1-0

[Event "Eq:SIETE ESTRELLAS VERDES-CONFOEDERATIONIS HELVETICAE : "]
[Site "www.chess-mail.com"]
[Date "2015.01.30"]
[Round "1"]
[White "Asoka"]
[Black "Pgcbies"]
[WhiteElo "2670"]
[BlackElo "2740"]
[Result "0-1"]
[Round "1"]
1.d4 Ng8f6
2.c4 g6
3.Nb1c3 Bf8g7
4.e4 d6
5.h3 Nb8d7
6.Ng1f3 e5
7.dxe5 dxe5
8.Qd1c2 O-O
9.Bf1e2 c6
10.O-O Nf6h5
11.b4 Nh5f4
12.Rf1d1 Qd8e7
13.Ra1b1 Nf4e6
14.Be2f1 Rf8d8
15.Bc1e3 b6
16.Rd1d2 c5
17.Nc3d5 Qe7f8
18.a3 Bc8b7
19.Qc2d1 Ra8c8
20.Qd1a4 Bb7c6
21.b5 Bc6xd5
22.cxd5 Ne6d4
23.Qa4xa7 Rc8a8
24.Qa7c7 Nd7f6
25.Be3xd4 cxd4
26.Rb1e1 Nf6d7
27.Rd2d1 Ra8c8
28.Qc7a7 Bg7h6
29.Rd1a1 Qf8d6
30.Qa7a4 Rc8c3
31.Qa4b4 Nd7c5
32.a4 f6
33.a5 bxa5
34.Qb4xa5 Nc5b3
35.Qa5a7 Nb3xa1
36.Re1xa1 d3
37.Qa7a5 Rd8c8
38.b6 Rc3b3
39.Qa5a6 Rc8b8
40.Bf1xd3 Qd6xb6
41.Qa6xb6 Rb3xb6
42.h4 Rb8c8
43.Nf3e1 Bh6d2
44.Kf1 Rb6b3
45.Ra1d1 Bd2xe1
46.Kxe1 Kf7
47.Rd1d2 Rc8c3
48.Ke2 Ke7
49.f3 Kd6
50.Bd3a6 Rb3b4
51.Ba6d3 Rb4d4
52.Ke3 Rc3b3
53.Rd2d1 f5
54.g3 Rb3c3
55.Ke2 f4
56.gxf4 exf4
57.Rd1d2 Ke5
58.Rd2d1 Rc3b3
59.Rd1d2 h6
60.Rd2d1 g5
61.hxg5 hxg5
62.Bd3c2 Rb3e3
{ resign }
0-1

[Event "Eq:Angels of Checkmate-Slap Shot Mates : "]
[Site "www.chess-mail.com"]
[Date "2015.01.30"]
[Round "1"]
[White "Badplayer"]
[Black "Mustaphly"]
[WhiteElo "2150"]
[BlackElo "2680"]
[Result "0-1"]
[Round "1"]
1.e4 c5
2.Ng1f3 d6
3.d4 cxd4
4.Nf3xd4 Ng8f6
5.Nb1c3 a6
6.Bf1e2 e6
7.O-O Qd8c7
8.Bc1e3 Bf8e7
9.a4 Nb8c6
10.Qd1d2 Bc8d7
11.f3 O-O
12.Nd4xc6 bxc6
13.a5 c5
14.Nc3a4 Bd7xa4
15.Ra1xa4 d5
16.exd5 Nf6xd5
17.Be3f2 Rf8d8
18.Qd2e1 Nd5b4
19.c3 Nb4d3
20.Be2xd3 Rd8xd3
21.Qe1e4 Rd3d5
22.c4 Rd5d8
23.Ra4a1 Ra8b8
24.Rf1b1 Be7d6
25.g3 Bd6e5
26.Qe4e2 Rb8b4
27.Ra1a3 Be5d4
28.Bf2xd4 cxd4
29.Rb1c1 Qc7c5
30.Qe2d3 Rb4xb2
31.Rc1a1 Rd8b8
32.Ra1d1 e5
33.Ra3a1 g6
34.Rd1e1 Rb8b3
35.Qd3e4 d3
36.Kh1 Qc5f2
{ resign }
0-1

[Event "Fast Game"]
[Site "www.echecsemail.com"]
[Date "2015.01.30"]
[Round "1"]
[White "Easychess"]
[Black "Gorgo"]
[WhiteElo "1439"]
[BlackElo "1599"]
[Result "0-1"]
[Round "1"]
1.e4 c5
2.b3 Nb8c6
3.Bc1b2 e6
4.Ng1f3 d5
5.exd5 exd5
6.Bf1b5 Ng8f6
7.O-O Bf8e7
8.Nf3e5 Qd8c7
9.Rf1e1 O-O
10.Bb5xc6 bxc6
 { time }
0-1

[Event "Tourn. n7993"]
[Site "www.chess-mail.com"]
[Date "2015.01.31"]
[Round "1"]
[White "Emmanuelasi"]
[Black "Faerieking"]
[WhiteElo "2150"]
[BlackElo "2190"]
[Result "1-0"]
[Round "1"]
1.e4 e5
2.Ng1f3 f5
3.Nf3xe5 Nb8c6
4.Qd1h5 g6
5.Ne5xg6 Ng8f6
6.Qh5h4 Rh8g8
7.Ng6xf8 Rg8g4
8.Qh4h3 Rg4xe4
9.Kd1 Nf6g4
10.Qh3g3 Qd8e7
11.Bf1d3 Re4e5
12.f3 Ng4f6
13.Nf8xh7 Nf6xh7
14.Rh1e1 Re5xe1
15.Qg3xe1 Qe7xe1
16.Kxe1 d5
17.Bd3b5 Bc8d7
18.Nb1c3 Nh7f6
19.Bb5xc6 Bd7xc6
20.d4 O-O-O
21.Bc1g5 Rd8e8
22.Kf2 { resign }
1-0

[Event "Tourn. n8021"]
[Site "www.chess-mail.com"]
[Date "2015.01.31"]
[Round "1"]
[White "Attatroll"]
[Black "Hundegana"]
[WhiteElo "1990"]
[BlackElo "1910"]
[Result "1-0"]
[Round "1"]
1.e4 c5
2.Ng1f3 d6
3.d4 b6
4.Bf1b5 Bc8d7
5.Qd1e2 a6
6.Bb5xd7 Qd8xd7
7.Nb1c3 g6
8.Bc1e3 Bf8g7
9.O-O Nb8c6
10.dxc5 bxc5
11.Nc3d5 Qd7b7
12.c3 e6
13.Nd5f4 Nc6e5
14.Nf3xe5 Bg7xe5
15.f3 Ng8e7
16.Nf4d3 Be5g7
17.Ra1d1 O-O
18.Nd3f4 Ra8d8
19.Nf4h3 f6
20.Nh3f4 Kf7
21.Qe2c4 d5
22.exd5 exd5
23.Qc4e2 d4
24.cxd4 cxd4
25.Be3xd4 Ne7f5
26.Qe2e6 
1-0

[Event "Tourn. n8017"]
[Site "www.chess-mail.com"]
[Date "2015.01.31"]
[Round "1"]
[White "Chessmith19"]
[Black "Lautreamont"]
[WhiteElo "2630"]
[BlackElo "2900"]
[Result "1-0"]
[Round "1"]
1.e4 c6
2.d4 d5
3.e5 Bc8f5
4.Ng1f3 e6
5.Bf1e2 Ng8e7
6.O-O c5
7.dxc5 Ne7c6
8.Bc1g5 Bf8e7
9.Bg5xe7 Qd8xe7
10.c4 dxc4
11.Nb1a3 c3
12.bxc3 O-O
13.Na3c4 Nb8a6
14.Nf3d4 Na6xc5
15.Qd1c1 Bf5e4
16.Nc4d6 Be4d5
17.Qc1e3 b6
18.Rf1d1 f6
19.f4 Ra8d8
20.c4 Nc6xd4
21.Rd1xd4 Bd5c6
22.Ra1d1 fxe5
23.fxe5 Nc5b7
24.h4 { resign }
1-0

[Event "Tourn. n8017"]
[Site "www.chess-mail.com"]
[Date "2015.01.31"]
[Round "1"]
[White "Lautreamont"]
[Black "Pgcbies"]
[WhiteElo "2900"]
[BlackElo "2840"]
[Result "0-1"]
[Round "1"]
1.d4 Ng8f6
2.c4 e6
3.Nb1c3 Bf8b4
4.e3 O-O
5.Bf1d3 d5
6.cxd5 exd5
7.Ng1e2 b6
8.O-O Bb4d6
9.Ne2f4 c5
10.Qd1f3 Bc8g4
11.Qf3g3 c4
12.e4 cxd3
13.e5 Bg4e2
14.Rf1e1 Bd6e7
15.exf6 Be7xf6
16.Nf4xd5 Nb8c6
{ resign }
0-1

[Event "Tourn. n7834"]
[Site "www.chess-mail.com"]
[Date "2015.01.31"]
[Round "1"]
[White "Fabos12"]
[Black "Osopanda"]
[WhiteElo "1640"]
[BlackElo "1900"]
[Result "1/2-1/2"]
[Round "1"]
1.d4 d5
2.c4 e6
3.Ng1f3 Ng8f6
4.a3 c5
5.Nb1c3 Nb8c6
6.e3 cxd4
7.exd4 Bf8e7
8.Bc1f4 O-O
9.Bf1d3 Rf8e8
10.c5 Nf6e4
11.Qd1c2 f5
12.Nf3e5 Nc6xd4
13.Qc2d1 Be7xc5
14.Bd3xe4 dxe4
15.O-O a5
16.Qd1h5 b5
17.Ra1d1 Bc8a6
18.Ne5c6 Qd8f6
19.Bf4e5 Qf6f7
20.Qh5xf7 Kxf7
21.Nc6xd4 b4
22.Nc3b5 Bc5xd4
23.Nb5xd4 Ra8c8
24.Rf1e1 Ba6d3
25.Nd4b5 Bd3xb5
26.axb4 axb4
27.Rd1d6 Rc8c6
28.Re1d1 Rc6xd6
29.Rd1xd6 Bb5c4
30.Rd6d7 Kf8
31.Rd7xg7 Re8a8
32.h4 Ra8a1
33.Kh2 Ra1f1
34.Kg3 e3
35.fxe3 Rf1e1
36.Kf4 Re1f1
37.Kg5 Rf1f2
38.g3 Rf2f3
39.Rg7xh7 Rf3xe3
40.Kf6 Ke8
41.Rh7c7 Bc4b3
42.Rc7c8 Kd7
43.Rc8c7 Kd8
44.Rc7b7 Re3e4
45.h5 Bb3d5
46.Rb7a7 f4
47.gxf4 Re4e1
48.h6 Re1h1
49.h7 b3
50.Kf7 Rh1xh7
51.Be5g7 e5
52.Kg6 Rh7xg7
53.Kxg7 exf4
54.Ra7a5 Bd5e4
55.Kf6 Be4c2
56.Ke6 f3
57.Kd6 Ke8
58.Ra5e5 Kf7
59.Re5e1 Bc2d3
60.Re1e3 Bd3e2
61.Re3e4 Kf6
62.Kd5 Kf5
63.Re4e8 Kf4
64.Kd4 f2
65.Re8f8 Kg3
66.Rf8xf2 Kxf2
67.Kc3 Be2d1
68.Kd2 { draw }
1/2-1/2

[Event "Tourn. n7809"]
[Site "www.chess-mail.com"]
[Date "2015.01.31"]
[Round "1"]
[White "Liencam2"]
[Black "Cirovicz"]
[WhiteElo "2270"]
[BlackElo "2010"]
[Result "1-0"]
[Round "1"]
1.e4 c5
2.Nb1c3 e6
3.Ng1e2 d5
4.exd5 exd5
5.d4 Ng8f6
6.Bc1g5 cxd4
7.Ne2xd4 Bf8b4
8.Bf1b5 Bc8d7
9.Qd1e2 Qd8e7
10.Qe2xe7 Kxe7
11.Bb5xd7 Nb8xd7
12.Bg5d2 Rh8e8
13.O-O-O Kf8
14.Nd4b5 Re8c8
15.a3 Bb4a5
16.Nc3xd5 Ba5xd2
17.Rd1xd2 a6
18.Nb5c3 Nf6xd5
19.Rd2xd5 Nd7f6
20.Rd5d4 b5
21.g4 h6
22.h4 Rc8c4
23.Rd4xc4 bxc4
24.g5 Nf6g4
25.f4 hxg5
26.hxg5 Kg8
27.Nc3d5 f6
28.gxf6 Ng4xf6
29.Nd5b6 Ra8f8
30.Nb6xc4 Nf6d5
31.Rh1d1 Nd5xf4
32.Rd1d6 g5
33.Nc4e3 a5
34.Rd6a6 Rf8e8
35.Kd2 Re8e5
36.Ne3c4 Re5d5
37.Ke3 Rd5c5
38.b3 Nf4h3
39.Ra6xa5 Rc5c6
40.Kf3 Rc6g6
41.Nc4e3 Nh3f4
42.Kg4 Nf4e6
43.c4 Rg6f6
44.Ne3f5 Rf6f8
45.Ra5e5 Rf8f6
46.a4 Ne6c7
47.Nf5e7 Kf7
48.Ne7d5 Nc7xd5
49.Re5xd5 Rf6f4
50.Kxg5 Rf4f3
51.Rd5f5 Rf3xf5
52.Kxf5 Ke7
53.a5 Kd6
54.b4 Kc6
55.b5 Kc5
56.a6 Kb6
57.c5 Ka7
58.Ke6 Kb8
59.b6 Ka8
60.c6 Kb8
61.Kd6 Ka8
62.Kd7 { resign }
1-0

[Event "Tourn. n7895"]
[Site "www.chess-mail.com"]
[Date "2015.01.31"]
[Round "1"]
[White "Luban"]
[Black "Liencam2"]
[WhiteElo "2120"]
[BlackElo "2260"]
[Result "1-0"]
[Round "1"]
1.d4 Ng8f6
2.c4 g6
3.e3 Bf8g7
4.Ng1f3 O-O
5.Nb1c3 d6
6.h3 c6
7.Bf1d3 Nb8d7
8.O-O Rf8e8
9.e4 e5
10.d5 Nd7b6
11.Bc1g5 cxd5
12.Nc3xd5 Nb6xd5
13.cxd5 Qd8b6
14.Qd1d2 Bc8d7
15.Ra1c1 Ra8c8
16.Bg5e3 Qb6d8
17.Rc1xc8 Bd7xc8
18.Be3xa7 Nf6d7
19.Bd3b5 Re8e7
20.Bb5xd7 Bc8xd7
21.Qd2b4 Bd7c8
22.Ba7b6 Qd8e8
23.Qb4xd6 Bg7f8
24.Rf1c1 Bc8d7
25.Rc1c7 Bd7b5
26.Rc7xe7 Qe8xe7
27.Qd6xe7 Bf8xe7
28.Nf3e1 Be7d6
29.f3 f5
30.Kf2 Kf7
31.g3 Kf6
32.Ke3 f4
33.Kf2 g5
34.b3 Bd6b4
35.g4 Bb4c3
36.Ne1c2 Bb5d3
37.Nc2a3 Bc3b4
38.Na3c4 Bd3c2
39.Bb6d8 Kg7
40.d6 b5
41.Bd8xg5 bxc4
42.d7 Bb4a5
43.bxc4 Kf7
44.c5 Ke6
45.d8Q Ba5xd8
46.Bg5xd8 Bc2a4
47.h4 Kd7
48.Bd8b6 Ke6
49.g5 Kf7
50.h5 Ba4c6
51.Bb6c7 Bc6e8
52.Bc7xe5 Ke6
53.g6 hxg6
54.Be5xf4 gxh5
55.Ke3 Be8c6
56.Bf4d6 Bc6b5
57.Kd4 h4
58.f4 Bb5c6
59.Bd6b8 Kf6
60.f5 h3
61.Ke3 Kg5
62.Kd4 Kf6
63.Bb8f4 Kf7
64.e5 Bc6b7
65.a4 Bb7c8
66.Kd5 Bc8xf5
67.Kd6 Ke8
68.a5 Bf5d3
69.Kc7 Bd3e4
70.c6 Be4d3
71.Kb7 Bd3e4
72.a6 { resign }
1-0

[Event "Tourn. n7863"]
[Site "www.chess-mail.com"]
[Date "2015.01.31"]
[Round "1"]
[White "Vasylpuzanov"]
[Black "Xav77"]
[WhiteElo "1820"]
[BlackElo "1970"]
[Result "1-0"]
[Round "1"]
1.e4 e5
2.Ng1f3 Nb8c6
3.Bf1b5 Ng8e7
4.O-O h6
5.Nb1c3 a6
6.Bb5xc6 Ne7xc6
7.d4 d6
8.d5 Nc6a7
9.Bc1e3 g5
10.a4 g4
11.Nf3d2 h5
12.Nd2c4 h4
13.f4 gxf3
14.Qd1xf3 Rh8h7
15.Qf3f2 b6
16.a5 b5
17.Nc4xe5 dxe5
18.Be3xa7 Qd8g5
19.Ba7e3 Qg5g6
20.Be3c5 Bf8h6
21.d6 cxd6
22.Nc3d5 Kf8
23.Qf2f6 Qg6xf6
24.Nd5xf6 Rh7h8
25.Bc5xd6 Kg7
26.Nf6d5 Bc8e6
27.Bd6xe5 Kg6
28.Be5xh8 Ra8xh8
29.Nd5f4 Bh6xf4
30.Rf1xf4 Kg5
31.Rf4f2 Rh8d8
32.c3 Rd8d3
33.Ra1e1 h3
34.gxh3 Rd3xh3
35.Rf2d2 Rh3f3
36.Rd2d6 Rf3h3
37.Rd6xa6 Rh3h8
38.Ra6d6 Rh8a8
39.a6 Ra8a7
40.Kf2 Kf4
41.e5 Be6h3
42.Rd6f6 Kg5
43.Re1g1 Kh5
44.Kf3 Ra7a8
45.Kf4 Ra8h8
46.a7 { resign }
1-0

[Event "Tourn. n8015"]
[Site "www.chess-mail.com"]
[Date "2015.01.31"]
[Round "1"]
[White "Azulmarino"]
[Black "Fresnel"]
[WhiteElo "1550"]
[BlackElo "1499"]
[Result "0-1"]
[Round "1"]
1.e4 c5
2.c4 Nb8c6
3.f3 g6
4.d3 Bf8g7
5.Ng1e2 Ng8f6
6.Bc1g5 O-O
7.Qd1d2 d6
8.Ne2f4 e6
9.a3 Qd8b6
10.Nb1c3 Nc6d4
11.Nf4e2 Nd4b3
12.Nc3a4 Qb6a6
13.Qd2d1 Nb3xa1
14.b3 Bc8d7
15.Qd1xa1 Nf6xe4
16.Na4c3 Ne4xg5
17.Qa1c1 Bg7h6
18.h4 Ng5xf3
19.gxf3 Bh6xc1
20.Ne2xc1 Qa6xa3
21.Nc3e2 Bd7c6
22.Kf2 Qa3b2
23.Bf1g2 a5
24.Kg3 a4
25.d4 cxd4
26.Ne2xd4 Qb2xd4
27.Nc1e2 Qd4e5
28.f4 Qe5xe2
29.Rh1h2 Qe2xg2
30.Rh2xg2 Bc6xg2
31.bxa4 Bg2c6
{ resign }
0-1

[Event "Tourn. n7928"]
[Site "www.chess-mail.com"]
[Date "2015.01.31"]
[Round "1"]
[White "Desiderio"]
[Black "Orhany24"]
[WhiteElo "2020"]
[BlackElo "1870"]
[Result "1-0"]
[Round "1"]
1.d4 d5
2.c4 Ng8f6
3.Nb1c3 Bc8f5
4.Ng1f3 e6
5.Bc1g5 Bf8e7
6.e3 O-O
7.cxd5 exd5
8.Qd1b3 b6
9.Bg5xf6 Be7xf6
10.Qb3xd5 Qd8xd5
11.Nc3xd5 Bf6d8
12.Ra1c1 c6
13.Nd5c3 Bd8f6
14.Bf1e2 Rf8e8
15.O-O Nb8d7
16.h3 c5
17.Rf1d1 Ra8d8
18.Nc3d5 Bf5e4
19.Nd5xf6 Nd7xf6
20.dxc5 bxc5
21.Rd1xd8 Re8xd8
22.Rc1xc5 g6
23.Rc5c7 Be4xf3
24.Be2xf3 Rd8d2
25.Rc7b7 a5
26.g3 Kg7
27.a4 Nf6e8
28.Rb7a7 Rd2xb2
29.Ra7xa5 Ne8d6
30.Ra5a8 Nd6c4
31.a5 Nc4d2
32.Kg2 Rb2a2
33.a6 { resign }
1-0